| 000 | 00825cam a22002175a 4500 | ||
|---|---|---|---|
| 001 | E142284 | ||
| 008 | 080201s1872 xxk eng u | ||
| 035 | _a(Sirsi) u142284 | ||
| 041 | 0 | _aeng | |
| 110 | 2 |
_aBrown and Lawrence _95496 |
|
| 245 | 0 | 0 |
_aRoyal Infirmary, Edinburgh _bmeasurement from plans, mason and brick work required to be executed in building the new medical and surgical hospitals... _h[manuscript] |
| 260 | _cOctober 1872 | ||
| 300 |
_a1v. _c34cm. + _e3 sheets and 1 newspaper |
||
| 340 | _aManuscript | ||
| 351 | _cSingle item | ||
| 500 | _aItem is accompanied by material related to the volume's display at an exhibition held in 1970 to celebrate the Royal Infirmary's centenary. | ||
| 651 | 4 | _aEdinburgh | |
| 690 | _aBUILT ENVIRONMENT-QUANTITY SURVEYING | ||
| 700 | 1 | _aBryce, David | |
| 942 | _n0 | ||
| 999 |
_c116782 _d116782 |
||